000
00341nam a2200145Ia 4500
008
230718s9999 xx 000 0 und d
041
_a
Eng.
082
_a
343.54
_b
NEG-N
100
_a
Negatiable,(Bare Act)
245
0
_a
negotiable instrument
260
_a
Pakistan
_b
Nadeem law book
_c
2011
300
_a
80
650
_a
Law
999
_c
30369
_d
30369